[Event "EU Small Countries ol 8th"]
[Site "St Helier"]
[Date "2023.11.01"]
[Round "5.3"]
[White "Ribbegren, Karl Johan"]
[Black "Frick, Renato"]
[Result "1-0"]
[WhiteElo "2122"]
[BlackElo "1866"]
[PlyCount "45"]
[EventDate "2023.10.29"]
[EventType "team-tourn"]
[EventRounds "9"]
[EventCountry "GCI"]
[SourceTitle "Mega2024 Update 01"]
[Source "Chessbase"]
[SourceDate "2023.11.12"]
[SourceVersion "1"]
[SourceVersionDate "2023.11.12"]
[SourceQuality "1"]
[WhiteTeam "Monaco"]
[BlackTeam "Liechtenstein"]
[WhiteTeamCountry "MNC"]
[BlackTeamCountry "LIE"]

1. Nf3 Nf6 2. b3 d5 3. Bb2 c5 4. e3 Nc6 5. d4 e6 6. Bd3 Bd7 7. 0-0 Rc8 8. a3 a6 9. Nbd2 b5 10. dxc5 Bxc5 11. Qe2 Qb6 12. h3 Bd6 13. e4 dxe4 14. Nxe4 Be7 15. Rad1 Nd5 16. g3 f6 17. c4 Nc7 18. b4 Qb8 19. Nh4 Kf7 20. Qh5+ g6 21. Nxg6 hxg6 22. Nd6+ Bxd6 23. Qxg6+ 1-0

[Event "Vaduz ESNA 4th"]
[Site "Vaduz"]
[Date "2022.09.26"]
[Round "2"]
[White "Frick, Renato"]
[Black "Carpenter, Paul A"]
[Result "1-0"]
[WhiteElo "1875"]
[BlackElo "1986"]
[PlyCount "76"]
[EventDate "2022.09.25"]
[EventType "tourn"]
[EventRounds "9"]
[EventCountry "LIE"]
[SourceTitle "CBM 210 Extra"]
[Source "ChessBase"]
[SourceDate "2022.11.30"]
[SourceVersion "1"]
[SourceVersionDate "2022.11.30"]
[SourceQuality "1"]

1. e4 d6 2. d4 Nf6 3. Nc3 Nbd7 4. Nf3 e5 5. Bc4 Be7 6. Ng5 0-0 7. Bxf7+ Rxf7 8. Ne6 Qe8 9. Nxc7 Qd8 10. Nxa8 b6 11. 0-0 Ba6 12. Re1 Qxa8 13. d5 Qc8 14. Be3 Nf8 15. f3 h6 16. Ne2 Bxe2 17. Qxe2 g5 18. Rf1 Ng6 19. g3 Rg7 20. Kh1 g4 21. fxg4 Nxe4 22. Qf3 Ng5 23. Qf5 Qc4 24. Qd3 Qxg4 25. Bxg5 Bxg5 26. Rae1 Ne7 27. Re4 Qh3 28. c4 Nf5 29. Ree1 Rf7 30. Kg1 h5 31. Rf3 Nh4 32. gxh4 Rxf3 33. Qg6+ Kf8 34. Qxg5 Rf4 35. Qd8+ Kf7 36. Qc7+ Kg6 37. Qxd6+ Kh7 38. Qe7+ Kh8 1-0

[Event "Olympiad-44"]
[Site "Chennai"]
[Date "2022.08.07"]
[Round "9.4"]
[White "Frick, Renato"]
[Black "Adebayo, Adegboyega"]
[Result "1/2-1/2"]
[WhiteElo "1900"]
[BlackElo "2313"]
[PlyCount "91"]
[EventDate "2022.07.29"]
[EventType "team-swiss"]
[EventRounds "11"]
[EventCountry "IND"]
[SourceTitle "CBM 210"]
[Source "ChessBase"]
[SourceDate "2022.10.31"]
[SourceVersion "1"]
[SourceVersionDate "2022.10.31"]
[SourceQuality "1"]
[WhiteTeam "Liechtenstein"]
[BlackTeam "Nigeria"]
[WhiteTeamCountry "LIE"]
[BlackTeamCountry "NGR"]

1. e4 e5 2. Nf3 Nc6 3. Bb5 Bc5 4. c3 Nge7 5. 0-0 Ng6 6. d4 exd4 7. cxd4 Bb6 8. Nc3 Nce7 9. h4 c6 10. Bd3 d5 11. h5 Nf8 12. exd5 cxd5 13. Re1 Ne6 14. Bb5+ Kf8 15. Qd3 f6 16. Bd2 Kf7 17. Re2 Qd6 18. Rae1 Bd8 19. Ba4 a6 20. Bb3 g6 21. Ne4 dxe4 22. Qxe4 Re8 23. Bxe6+ Bxe6 24. Qxe6+ Qxe6 25. Rxe6 Bc7 26. hxg6+ hxg6 27. Kf1 Nd5 28. Rxe8 Rxe8 29. Rxe8 Kxe8 30. Ke2 Kf7 31. Kd3 Ke6 32. Ne1 b5 33. Nc2 Bd6 34. g3 f5 35. a3 Bc7 36. b3 Bd6 37. a4 Kd7 38. axb5 axb5 39. Ne3 Nxe3 40. Bxe3 Ke6 41. Bg5 Kd5 42. Bf4 Be7 43. Be3 Bd6 44. Bf4 Be7 45. Be3 Bd6 46. Bf4 1/2-1/2

[Event "Olympiad-44"]
[Site "Chennai"]
[Date "2022.08.06"]
[Round "8.4"]
[White "Frick, Renato"]
[Black "Munro, Allan"]
[Result "0-1"]
[WhiteElo "1900"]
[BlackElo "2008"]
[PlyCount "40"]
[EventDate "2022.07.29"]
[EventType "team-swiss"]
[EventRounds "11"]
[EventCountry "IND"]
[SourceTitle "CBM 210"]
[Source "ChessBase"]
[SourceDate "2022.10.31"]
[SourceVersion "1"]
[SourceVersionDate "2022.10.31"]
[SourceQuality "1"]
[WhiteTeam "Liechtenstein"]
[BlackTeam "Trinidad and Tobago"]
[WhiteTeamCountry "LIE"]
[BlackTeamCountry "TRI"]

1. e4 c6 2. d4 d5 3. exd5 cxd5 4. Bd3 Nc6 5. c3 Qc7 6. h3 Nf6 7. Bg5 g6 8. Qf3 Bg7 9. Nd2 Qd6 10. Bf4 Qd8 11. Qe2 0-0 12. Ngf3 Nh5 13. Bh2 Bh6 14. Ne5 f6 15. Ng4 Bf4 16. g3 Bxd2+ 17. Qxd2 e5 18. dxe5 fxe5 19. 0-0-0 Nf6 20. Qh6 Bxg4 0-1

[Event "EU Small Countries ol 7th"]
[Site "Sliema"]
[Date "2021.12.02"]
[Round "7.3"]
[White "Frick, Renato"]
[Black "Berend, Fred"]
[Result "0-1"]
[WhiteElo "1944"]
[BlackElo "2325"]
[PlyCount "60"]
[EventDate "2021.11.28"]
[EventType "team-tourn"]
[EventRounds "9"]
[EventCountry "MLT"]
[SourceTitle "CBM 205 Extra"]
[Source "ChessBase"]
[SourceDate "2022.01.31"]
[SourceVersion "1"]
[SourceVersionDate "2022.01.31"]
[SourceQuality "1"]
[WhiteTeam "Liechtenstein"]
[BlackTeam "Luxembourg"]
[WhiteTeamCountry "LIE"]
[BlackTeamCountry "LUX"]

1. e4 e6 2. d4 d5 3. Nd2 c5 4. Ngf3 cxd4 5. Nxd4 Nc6 6. Nxc6 bxc6 7. Bd3 Nf6 8. 0-0 Be7 9. Re1 0-0 10. Qe2 a5 11. Nf1 dxe4 12. Bxe4 Nxe4 13. Qxe4 Qd5 14. Qg4 h5 15. Qg3 h4 16. Qg4 e5 17. Qh5 e4 18. Qe2 f5 19. Rd1 Qf7 20. Bf4 Ba6 21. Qe3 Bf6 22. c3 Bd3 23. Qc5 Qe6 24. Qe3 Rad8 25. Bg5 Rd5 26. Qf4 h3 27. Ne3 Rb5 28. Rd2 Bxg5 29. Qxg5 f4 30. Qg4 Qh6 0-1

[Event "EU Small Countries ol 7th"]
[Site "Sliema"]
[Date "2021.12.01"]
[Round "5.2"]
[White "Dubois, Martine"]
[Black "Frick, Renato"]
[Result "0-1"]
[WhiteElo "1752"]
[BlackElo "1944"]
[PlyCount "69"]
[EventDate "2021.11.28"]
[EventType "team-tourn"]
[EventRounds "9"]
[EventCountry "MLT"]
[SourceTitle "CBM 205 Extra"]
[Source "ChessBase"]
[SourceDate "2022.01.31"]
[SourceVersion "1"]
[SourceVersionDate "2022.01.31"]
[SourceQuality "1"]
[WhiteTeam "ESNA Women"]
[BlackTeam "Liechtenstein"]
[WhiteTeamCountry "NET"]
[BlackTeamCountry "LIE"]

1. e4 c5 2. Nf3 Nc6 3. c3 e6 4. d4 d5 5. exd5 exd5 6. Be2 Nf6 7. 0-0 Be7 8. dxc5 Bxc5 9. Nbd2 0-0 10. Nb3 Be7 11. Bg5 Be6 12. Nbd4 h6 13. Bh4 Bc5 14. Qd3 Be7 15. Rfe1 Ne4 16. Bxe7 Qxe7 17. Rad1 Rad8 18. h3 Qf6 19. Qe3 Rd7 20. Bb5 Rc8 21. Bd3 Re8 22. Bxe4 dxe4 23. Qxe4 Red8 24. Nxe6 Rxd1 25. Nxd8 Rxe1+ 26. Nxe1 Qxd8 27. Nd3 Qa5 28. a3 Qd8 29. b4 a6 30. g3 Qf6 31. Qc4 Qf5 32. Kg2 Ne7 33. Nc5 Nd5 34. Nxb7 Qe6 35. Nd8 0-1

[Event "EU-Cup Online Gr-A"]
[Site "Tornelo INT"]
[Date "2021.03.27"]
[Round "2.4"]
[White "Vovk, Orest"]
[Black "Frick, Renato"]
[Result "1-0"]
[WhiteElo "2315"]
[BlackElo "1947"]
[PlyCount "107"]
[EventDate "2021.03.27"]
[EventType "team-tourn (rapid)"]
[EventRounds "9"]
[EventCountry "NET"]
[SourceTitle "CBM 201 Extra"]
[Source "ChessBase"]
[SourceDate "2021.05.31"]
[SourceVersion "1"]
[SourceVersionDate "2021.05.31"]
[SourceQuality "1"]
[WhiteTeam "Green Chess"]
[BlackTeam "Triesen"]
[WhiteTeamCountry "UKR"]
[BlackTeamCountry "LIE"]

1. g4 d5 2. h3 e5 3. Bg2 c6 4. d4 exd4 5. Qxd4 Qf6 6. Nf3 Nd7 7. Bf4 Bc5 8. Qxf6 Ngxf6 9. Nbd2 Nb6 10. e3 0-0 11. 0-0-0 Be6 12. Nd4 Rfe8 13. Nxe6 Rxe6 14. Nb3 Bf8 15. Nd4 Re7 16. Bg5 Nbd7 17. Nf5 Ree8 18. c4 g6 19. Ng3 dxc4 20. Rd4 h6 21. Bxf6 Nxf6 22. Rxc4 Rad8 23. Rd1 Rxd1+ 24. Kxd1 Rd8+ 25. Kc2 Nd5 26. Bxd5 Rxd5 27. Rd4 Bg7 28. Rxd5 cxd5 29. Ne2 Be5 30. f4 Bf6 31. Nc3 d4 32. Ne4 Bg7 33. exd4 Bxd4 34. f5 Kf8 35. b3 Ke7 36. Kd3 Bb2 37. Kc4 Ba3 38. Kd5 Bb4 39. a4 Ba3 40. Kc4 Kd7 41. b4 Ke7 42. a5 b6 43. a6 Bb2 44. Kd5 Kd7 45. Nd6 gxf5 46. gxf5 Bc3 47. Nxf7 Bxb4 48. Ne5+ Kc7 49. Nc6 Bf8 50. Nxa7 Kb8 51. Nb5 Ka8 52. Ke6 Bc5 53. f6 Kb8 54. Kd7 1-0

[Event "EU Small Countries ol 6th"]
[Site "San Marino"]
[Date "2019.03.28"]
[Round "7.5"]
[White "Efimov, Igor"]
[Black "Frick, Renato"]
[Result "1-0"]
[WhiteElo "2427"]
[BlackElo "2009"]
[PlyCount "61"]
[EventDate "2019.03.24"]
[EventType "team-tourn"]
[EventRounds "9"]
[EventCountry "SMR"]
[SourceTitle "CBM 189 Extra"]
[Source "ChessBase"]
[SourceDate "2019.06.03"]
[SourceVersion "1"]
[SourceVersionDate "2019.06.03"]
[SourceQuality "1"]
[WhiteTeam "Monaco"]
[BlackTeam "Liechtenstein"]
[WhiteTeamCountry "MNC"]
[BlackTeamCountry "LIE"]

1. e4 c5 2. Nf3 Nc6 3. d4 cxd4 4. Nxd4 g6 5. Be2 Bg7 6. Nb3 Nf6 7. Nc3 0-0 8. 0-0 d6 9. Re1 Bd7 10. Bf1 Rc8 11. h3 Na5 12. Qf3 a6 13. Bg5 Re8 14. Rad1 Nc6 15. Qe3 Nb4 16. Rd2 Be6 17. e5 Nfd5 18. Nxd5 Nxd5 19. Qf3 h6 20. Bh4 g5 21. Bg3 Nb4 22. c3 Nxa2 23. Nd4 dxe5 24. Bxe5 Bd5 25. Qd1 Bxe5 26. Rxe5 Qd6 27. Re3 e5 28. Ne2 Qb6 29. Rxd5 Qxb2 30. Rd2 Qa3 31. Qa1 1-0

[Event "EU Small Countries ol 6th"]
[Site "San Marino"]
[Date "2019.03.25"]
[Round "2.3"]
[White "Pace, Colin"]
[Black "Frick, Renato"]
[Result "1-0"]
[WhiteElo "2122"]
[BlackElo "2009"]
[PlyCount "71"]
[EventDate "2019.03.24"]
[EventType "team-tourn"]
[EventRounds "9"]
[EventCountry "SMR"]
[SourceTitle "CBM 189 Extra"]
[Source "ChessBase"]
[SourceDate "2019.06.03"]
[SourceVersion "1"]
[SourceVersionDate "2019.06.03"]
[SourceQuality "1"]
[WhiteTeam "Malta"]
[BlackTeam "Liechtenstein"]
[WhiteTeamCountry "MLT"]
[BlackTeamCountry "LIE"]

1. e4 c5 2. Nf3 d6 3. d4 cxd4 4. Nxd4 Nf6 5. Nc3 a6 6. h3 e5 7. Nde2 b5 8. g4 b4 9. Nd5 Nxd5 10. Qxd5 Ra7 11. Bg2 Be6 12. Qd3 Qc8 13. 0-0 Rc7 14. Bd2 Bc4 15. Qe3 Nc6 16. c3 Be7 17. Rfd1 0-0 18. Ng3 Qe6 19. b3 bxc3 20. Bxc3 Nd4 21. Rac1 Nxb3 22. axb3 Bxb3 23. Ba5 Rxc1 24. Rxc1 h6 25. Qd3 Ba4 26. Qxa6 Qb3 27. Bd2 d5 28. exd5 Ba3 29. Re1 Bb5 30. Qb6 Re8 31. Qe3 Qa2 32. Nf5 Rc8 33. Qxe5 Bf8 34. Bc3 Re8 35. Nxh6+ Kh7 36. Be4+ 1-0

[Event "Klaksvik ESNA 3rd"]
[Site "Klaksvik"]
[Date "2018.04.20"]
[Round "7"]
[White "Frick, Renato"]
[Black "Berend, Fred"]
[Result "0-1"]
[WhiteElo "2062"]
[BlackElo "2357"]
[PlyCount "154"]
[EventDate "2018.04.14"]
[EventType "tourn"]
[EventRounds "9"]
[EventCountry "FAI"]
[SourceTitle "CBM 184 Extra"]
[Source "ChessBase"]
[SourceDate "2018.06.28"]
[SourceVersion "1"]
[SourceVersionDate "2018.06.28"]
[SourceQuality "1"]

1. e4 c5 2. Nf3 Nc6 3. Bb5 d6 4. Nc3 Bd7 5. d4 cxd4 6. Nxd4 a6 7. Nxc6 bxc6 8. Bd3 g6 9. 0-0 Bg7 10. Bd2 Nf6 11. Rb1 0-0 12. Qe2 Bg4 13. f3 Be6 14. b3 Nd7 15. Na4 Qc7 16. Be3 a5 17. c4 c5 18. Qd2 Ne5 19. Bc2 Nc6 20. Nc3 Nd4 21. Bd1 Bd7 22. a4 Qb6 23. Nd5 Qd8 24. Nc3 Bc6 25. Nb5 Qb6 26. Bh6 Bxh6 27. Qxh6 f6 28. Qe3 Rad8 29. Rb2 Rd7 30. Rd2 e5 31. Bc2 Qd8 32. Bb1 Rg7 33. Kh1 Kh8 34. g4 Be8 35. Rg2 Qe7 36. Qc3 Qd8 37. Qe3 Kg8 38. Rfg1 Bc6 39. Rg3 Kf7 40. Qd3 Ke8 41. Qe3 Kd7 42. R1g2 Rgf7 43. Rd2 Kc8 44. Kg1 Rh8 45. f4 g5 46. f5 h5 47. h3 Rfh7 48. gxh5 Bxb5 49. axb5 Rxh5 50. Bd3 Rh4 51. Bf1 R8h7 52. Ra2 Rf4 53. Bg2 Ra7 54. Qd3 Kc7 55. Rg4 Kb6 56. Qe3 Qa8 57. Qe1 Rf3 58. Rg3 Rxb3 59. Rxb3 Nxb3 60. Qd1 Nd4 61. Qh5 a4 62. Ra3 Qg8 63. Qd1 Qxc4 64. Bf1 Qc2 65. Qh5 Qxe4 66. Qe8 Qa8 67. Qg6 Qf8 68. Bc4 Ka5 69. Qh5 g4 70. hxg4 Kb4 71. Qh3 Kxc4 72. Qd3+ Kd5 73. b6 Ra5 74. Qd2 Rb5 75. Qg2+ e4 76. Qa2+ Kc6 77. Rxa4 Qh6 0-1

[Event "EU Small Countries ol 5th"]
[Site "Andorra"]
[Date "2017.11.14"]
[Round "4.4"]
[White "Nielsen, Hogni Egilstoft"]
[Black "Frick, Renato"]
[Result "1-0"]
[WhiteElo "2354"]
[BlackElo "1997"]
[PlyCount "71"]
[EventDate "2017.11.12"]
[EventType "team-tourn"]
[EventRounds "9"]
[EventCountry "AND"]
[SourceTitle "CBM 181 Extra"]
[Source "ChessBase"]
[SourceDate "2017.12.12"]
[SourceVersion "1"]
[SourceVersionDate "2017.12.12"]
[SourceQuality "1"]
[WhiteTeam "Faroe Islands"]
[BlackTeam "Liechtenstein"]
[WhiteTeamCountry "FAI"]
[BlackTeamCountry "LIE"]

1. e4 c5 2. Nf3 Nc6 3. Bb5 g6 4. 0-0 Bg7 5. Re1 d6 6. h3 a6 7. Bf1 b5 8. c3 e5 9. a4 b4 10. d3 Nge7 11. Nbd2 0-0 12. g3 Rb8 13. Bg2 Na5 14. Nf1 Bd7 15. Ne3 Be6 16. Bd2 Nb3 17. Rb1 Qd7 18. Nc4 Nxd2 19. Nfxd2 Nc6 20. Kh2 Bh6 21. Ne3 Ne7 22. Ndc4 bxc3 23. bxc3 Rxb1 24. Qxb1 Bxe3 25. Nxe3 Qxa4 26. Qb7 Re8 27. Rb1 Bc8 28. Qc7 Qa2 29. Rb8 Qe6 30. Rb6 Qf6 31. Rxd6 Be6 32. Nd5 Qg5 33. h4 Nxd5 34. exd5 Qe7 35. Qxe7 Rxe7 36. dxe6 1-0

[Event "Olympiad-42"]
[Site "Baku"]
[Date "2016.09.05"]
[Round "4.2"]
[White "Tagelsir, Abubaker"]
[Black "Frick, Renato"]
[Result "1-0"]
[WhiteElo "2216"]
[BlackElo "2000"]
[PlyCount "255"]
[EventDate "2016.09.02"]
[EventType "team-swiss"]
[EventRounds "11"]
[EventCountry "AZE"]
[SourceTitle "CBM 175"]
[Source "ChessBase"]
[SourceDate "2016.11.10"]
[SourceVersion "1"]
[SourceVersionDate "2016.11.10"]
[SourceQuality "1"]
[WhiteTeam "Sudan"]
[BlackTeam "Liechtenstein"]
[WhiteTeamCountry "SUD"]
[BlackTeamCountry "LIE"]

1. Nf3 Nf6 2. g3 b5 3. Bg2 Bb7 4. 0-0 e6 5. d3 d5 6. Nd4 a6 7. c4 c5 8. Nb3 Qc7 9. Bf4 e5 10. Bg5 bxc4 11. dxc4 d4 12. e3 Bxg2 13. Kxg2 Be7 14. Bxf6 Bxf6 15. e4 0-0 16. N1d2 a5 17. Nf3 a4 18. Nc1 Nc6 19. Nd3 Be7 20. Re1 Bd6 21. Qd2 Rfb8 22. Rad1 Nb4 23. Nc1 Rb6 24. h4 Rab8 25. Re2 f6 26. a3 Nc6 27. Nd3 Ra6 28. Rc1 Na5 29. Qc2 Nb3 30. Rh1 Qf7 31. h5 Rab6 32. g4 Qe6 33. Nh2 g5 34. Rd1 Qd7 35. f3 Na5 36. Nf1 Bf8 37. Ng3 Nb7 38. Nf5 Nd8 39. Rdd2 Ne6 40. Kf2 h6 41. Qd1 Rb3 42. Nc1 R3b6 43. Nd3 Qa7 44. Qc1 Rb3 45. Kg3 Qa6 46. Kf2 R8b6 47. Re1 Qb7 48. Ree2 Qb8 49. Kg1 Rb7 50. Kf2 Qa8 51. Kg3 Rd7 52. Rf2 Qa6 53. Qc2 Rb8 54. Kh2 Qa5 55. Rg2 Rdb7 56. Qc1 Rb3 57. Rgf2 Qa7 58. Kg1 Nc7 59. Qf1 Ne6 60. Qc1 Qa5 61. Kh2 Qa6 62. Kg1 R8b7 63. Kh2 Qa7 64. Qf1 Qb8 65. Qc1 Kh7 66. Qd1 Qa7 67. Nc1 R3b6 68. Nd3 Rb8 69. Qc1 Be7 70. Nxe7 Qxe7 71. Qd1 Qa7 72. Qc1 Qa6 73. Rg2 Rb3 74. Rgf2 Qa5 75. Qc2 Qa7 76. Kh1 R3b7 77. Kh2 Rd7 78. Kh1 Rb3 79. Kh2 Nd8 80. Nc1 Rbb7 81. Nd3 Nf7 82. Rd1 Nd6 83. Rfd2 Rb3 84. Kg2 Rc7 85. Nc1 Rb8 86. Nd3 Qa6 87. Rc1 Rb3 88. Re2 Rc8 89. Rd2 Kg7 90. Re2 Kf7 91. Rd2 Ke7 92. Re2 Qc6 93. Qd1 Rcb8 94. Rcc2 Ne8 95. Red2 Ng7 96. Nc1 R3b7 97. Rf2 Ne6 98. Nd3 Rb3 99. Kh2 Qb6 100. Rcd2 Qa6 101. Qc1 R8b6 102. Kg1 Qb7 103. Qc2 Qa6 104. Kh2 Kd6 105. Kh1 Rb8 106. Kh2 Kc7 107. Kh1 Qc6 108. Kh2 Nd8 109. Qd1 Nb7 110. Nc1 Re3 111. Rd3 Rxd3 112. Qxd3 Nd6 113. Rc2 Qa6 114. Kg3 Nb7 115. Kf2 Na5 116. Kg3 Nb3 117. Ne2 Qa5 118. Kf2 Qb6 119. Ng3 Qe6 120. Nf5 Na5 121. Qd2 Nb3 122. Qd3 Na5 123. Nxh6 Rb3 124. Qd2 Nxc4 125. Qc1 Ne3 126. Rxc5+ Kb6 127. Rc8 Rxb2+ 128. Qxb2+ 1-0

[Event "Olympiad-42"]
[Site "Baku"]
[Date "2016.09.03"]
[Round "2.2"]
[White "Frick, Renato"]
[Black "Calicoca, Wilton Inacio"]
[Result "0-1"]
[WhiteElo "2000"]
[BlackElo "2190"]
[PlyCount "140"]
[EventDate "2016.09.02"]
[EventType "team-swiss"]
[EventRounds "11"]
[EventCountry "AZE"]
[SourceTitle "CBM 175"]
[Source "ChessBase"]
[SourceDate "2016.11.10"]
[SourceVersion "1"]
[SourceVersionDate "2016.11.10"]
[SourceQuality "1"]
[WhiteTeam "Liechtenstein"]
[BlackTeam "Mozambique"]
[WhiteTeamCountry "LIE"]
[BlackTeamCountry "MOZ"]

1. e4 e5 2. Nf3 Nc6 3. Bb5 a6 4. Ba4 Nf6 5. 0-0 b5 6. Bb3 Be7 7. Re1 d6 8. c3 0-0 9. h3 Na5 10. Bc2 c5 11. d4 Qc7 12. Nbd2 Bd7 13. Nf1 Rac8 14. Bd3 exd4 15. cxd4 cxd4 16. Nxd4 Nc6 17. Nxc6 Qxc6 18. Bd2 Be6 19. b3 Nd7 20. Qe2 Ne5 21. Rac1 Qb7 22. Bb1 Bd7 23. f4 Ng6 24. Kh2 Rfe8 25. g3 Bc6 26. h4 Nf8 27. Qd3 Red8 28. Ne3 Nd7 29. e5 Nf8 30. Ba5 Rd7 31. Nf5 dxe5 32. Nxe7+ Rxe7 33. fxe5 Rd7 34. Qe3 Bd5 35. Rxc8 Qxc8 36. Rc1 Qe8 37. Bb4 Bb7 38. Re1 Ne6 39. Bd6 g6 40. Rc1 Qd8 41. Be4 Qa8 42. Bxb7 Qxb7 43. Qd3 Rd8 44. b4 Rc8 45. Bc5 Qc7 46. Qd6 Qb7 47. Rd1 h6 48. Qd2 Nxc5 49. bxc5 Rxc5 50. Qxh6 Rc2+ 51. Rd2 Qe4 52. h5 Rxd2+ 53. Qxd2 Qxe5 54. hxg6 Qh5+ 55. Kg2 Qxg6 56. Qd8+ Kg7 57. Qd4+ Qf6 58. Qg4+ Kh6 59. Qh3+ Kg5 60. Qh4+ Kf5 61. Qf4+ Ke6 62. Qe4+ Kd6 63. Qd3+ Kc6 64. a3 Qd6 65. Qc3+ Kb6 66. Kh2 a5 67. Qe3+ Qc5 68. Qh6+ Qc6 69. Qe3+ Ka6 70. Kh3 Qe6+ 0-1

[Event "WchT Seniors 50"]
[Site "Radebeul"]
[Date "2016.07.02"]
[Round "7.18"]
[White "Frick, Renato"]
[Black "Dettmann, Gerd"]
[Result "0-1"]
[WhiteElo "2014"]
[BlackElo "2187"]
[PlyCount "66"]
[EventDate "2016.06.26"]
[EventType "team-swiss"]
[EventRounds "9"]
[EventCountry "GER"]
[SourceTitle "CBM 173 Extra"]
[Source "ChessBase"]
[SourceDate "2016.08.29"]
[SourceVersion "1"]
[SourceVersionDate "2016.08.29"]
[SourceQuality "1"]
[WhiteTeam "Liechtenstein"]
[BlackTeam "Dettmann"]
[WhiteTeamCountry "LIE"]
[BlackTeamCountry "GER"]

1. e4 c5 2. Nf3 d6 3. d4 cxd4 4. Nxd4 Nf6 5. Nc3 e5 6. Nb3 Be7 7. Be2 0-0 8. 0-0 Be6 9. Kh1 Nbd7 10. f4 Nb6 11. Na5 d5 12. fxe5 Nxe4 13. Nxe4 dxe4 14. Nxb7 Qc7 15. Nd6 Rad8 16. Be3 Bxd6 17. exd6 Rxd6 18. Qe1 Rc6 19. c3 Bc4 20. Bf4 Qe7 21. Rd1 Bxa2 22. Qd2 Nd5 23. Bg3 Bb3 24. Ra1 Nb6 25. Bf2 Rd8 26. Bd4 h6 27. Ra3 Bc4 28. Rfa1 Rd7 29. b3 e3 30. Qe1 Bxe2 31. Qxe2 Rxd4 32. Rxa7 Rd7 33. Rxd7 Nxd7 0-1